Эволюция распределения дислокаций при деформации в монокристаллах [Ni3Ge ]; Известия вузов. Физика; Т. 46, № 5

Podrobná bibliografie
Parent link:Известия вузов. Физика/ Министерство общего и профессионального образования Российской Федерации ; Томский Госуниверситет.— , 1958-.— 0021-3411
Т. 46, № 5.— 2003.— с. 65-69
Hlavní autor: Абзаев Ю. А.
Jazyk:ruština
Vydáno: 2003
Edice:Физика конденсированного сотояния
Témata:
Médium: MixedMaterials Kapitola
KOHA link:https://koha.lib.tpu.ru/cgi-bin/koha/opac-detail.pl?biblionumber=419860

MARC

LEADER 00000naa2a2200000 4500
001 419860
005 20231101073320.0
035 |a (RuTPU)RU\TPU\prd\77318 
035 |a RU\TPU\prd\17314 
090 |a 419860 
100 |a 20100227a2003 k y0rusy50 ca 
101 0 |a rus 
102 |a RU 
200 1 |a Эволюция распределения дислокаций при деформации в монокристаллах [Ni3Ge ]  |f Ю. А. Абзаев 
225 1 |a Физика конденсированного сотояния 
320 |a Библиогр.: 10 назв. 
461 1 |0 (RuTPU)RU\TPU\prd\191  |x 0021-3411  |t Известия вузов. Физика  |f Министерство общего и профессионального образования Российской Федерации ; Томский Госуниверситет  |d 1958- 
463 1 |0 (RuTPU)RU\TPU\prd\77307  |t Т. 46, № 5  |v с. 65-69  |d 2003 
610 1 |a дислокации 
610 1 |a монокристаллы 
610 1 |a деформация 
610 1 |a подвижные сигменты 
610 1 |a закон Пуарссона 
610 1 |a субструктуры 
610 1 |a эволюция 
610 1 |a распределения 
675 |a 539.4.015  |v 3 
700 1 |a Абзаев  |b Ю. А. 
801 1 |a RU  |b 63413507  |c 20030915  |g PSBO 
801 2 |a RU  |b 63413507  |c 20101028  |g RCR 
942 |c BK